Premiers principes de géométrie moderne : à l'usage des élèves de mathématiques spéciales et des candidats à la licence et à l'agrégation /

Guardado en:
Autor Principal: Duporcq, Ernest.
Otros Autores: Bricard, Raoul. (xxx)
Formato: Libro
Idioma:French
Publicado: Paris : Gauthier-Villars, 1949.
Edición:3e éd. /
Etiquetas: Agregar Etiqueta
Sin Etiquetas, Sea el primero en etiquetar este registro!
LEADER 00667nam a22001815a 4500
001 MAT.inmabb001559
008 031124s1949####fr############000#0#fre#d
005 20170818151805.0
245 1 0 |a Premiers principes de géométrie moderne :  |b à l'usage des élèves de mathématiques spéciales et des candidats à la licence et à l'agrégation /  |c par Ernest Duporcq. 
250 |a 3e éd. /  |b par Raoul Bricard. 
260 |a Paris :  |b Gauthier-Villars,  |c 1949. 
300 |a 174 p. ;  |c 23 cm. 
510 4 |a MR,  |c MR0033537 
100 1 |a Duporcq, Ernest. 
700 1 |a Bricard, Raoul.  |4 xxx 
084 |a 51-XX  |2 msc2000 
010 |a  49027837  
859 |h 51  |i D939-3  |p A-1934  |b BIB. MATEMATICA